El hombre y la historia en Eduardo Nicol

Gardado en:
Detalles Bibliográficos
Autor Principal: González Garcia, Manuel (Author)
Formato: Libro
Idioma:Lingua castelá
Publicado: Salamanca Universidad Pontificia de Salamanca 1987
Subjects:
Tags: Engadir etiqueta
Sen Etiquetas, Sexa o primeiro en etiquetar este rexistro!

MARC

LEADER 00000nam a2200000 a 4500
001 UCW8572
003 CL-VaPUC
005 20220822154834.0
008 881004e19870000SP |||||||||||||||||spa|d
999 |c 220906  |d 220904 
040 |c Pontificia Universidad Católica de Valparaíso 
082 0 4 |a 196.1  |b GON  |2 21 
100 0 |a González Garcia, Manuel  |e author  |9 313783 
245 1 3 |a El hombre y la historia en Eduardo Nicol 
260 |a Salamanca  |b Universidad Pontificia de Salamanca  |c 1987 
300 |a 118 p 
500 |a Extracto de la tesis doctoral Facultad de Filosofía Universidad Pontificia de Salamanca 
500 |a Extracto de la revista Naturaleza y Gracia 33, 1986, 3 
583 |a last modification  |c 19881004 00:00:00  |k Rodrigo Vera 
600 |a Nicol, Eduardo,  |d 1907-1990  |x Crítica e interpretación   |9 875754 
650 0 |a Filosofía española   |9 254895 
942 |c BK  |2 ddc 
945 |d 19881004 00:00:00 
952 |0 0  |1 0  |4 0  |6 196_100000000000000_GON_1987  |7 0  |8 P  |9 213710  |a BIBEDU  |b BIBEDU  |c BIBEDU_PB  |d 2019-11-15  |i 2820218  |o 196.1 GON 1987  |p 2820218  |r 2024-01-25  |w 2019-11-15  |y BK  |k FIL